Vista normal
Vista MARC
Entrada Nombre personal
Número de registros utilizados en: 2
001 - NÚMERO DE CONTROL
- Campo de control: 39269
003 - IDENTIFICADOR DE NÚMERO DE CONTROL
- Campo de control: OSt
005 - FECHA Y HORA DE LA ULTIMA MODIFICACION
- Campo de control: 20201005153932.0
008 - ELEMENTOS DE DATOS DE LONGITUD FIJA
- Campo de longitud fija: 160419|| aca||aabn | a|a d
040 ## - FUENTE DE LA CATALOGACIÓN
- Agencia original de catalogación: OSt
100 1# - ENCABEZAMIENTO--NOMBRE DE PERSONA
- Nombre personal: Rivas de González, Margarita Ivonne
400 1# - TRAZADO VEÁSE--NOMBRE DE PERSONA
- Nombre personal: Rivas, Ivonne
400 1# - TRAZADO VEÁSE--NOMBRE DE PERSONA
- Nombre personal: Rivas, Margarita
400 1# - TRAZADO VEÁSE--NOMBRE DE PERSONA
- Nombre personal: Rivas de González, Margarita Ivonne
670 ## - FUENTE DE DATOS ENCONTRADOS
- Fuente de citación: Proyecto, manual de procedimientos para las áreas de caja, mercadeo, créditos, desembolsos y administración de cartera de la Asociación Cooperativa de Ahorro y créditos de los empleados de Salud Pública de Santa Ana
670 ## - FUENTE DE DATOS ENCONTRADOS
- Fuente de citación: BMC -19-04-2016